000 00741nam a22001937a 4500
999 _c371622
_d371622
008 201127b ||||| |||| 00| 0 eng d
040 _aDE-2950
_bger
_cDE-2950
_erda
041 _ager
245 _aWasser-Spender gesucht.
_bTrockenheit: Experten haben isch zusammengetan, um Bäume im Kleistpark vor dem Verdursten zu retten. Sie wünschen sich weitere Unterstützer /
_cRené Matschkowiak
264 _c2022
653 _aFrankfurt (Oder)
653 _aKlimaschutz
653 _aKleistpark
773 _dFrankfurt (Oder) Märkisches Verlags- und Druckhaus GmbH & Co KG
_tMärkische Oderzeitung
_g33. Jahrgang (2022) Nr. 114 vom 17.05.2022, S. 13
942 _cA